Financial reporting using computer graphics / (Record no. 9522)
[ view plain ]
| 000 -LEADER | |
|---|---|
| fixed length control field | 01190nac a22002531u 4500 |
| 010 ## - LIBRARY OF CONGRESS CONTROL NUMBER | |
| LC control number | 92033434 |
| 020 ## - INTERNATIONAL STANDARD BOOK NUMBER | |
| International Standard Book Number | 0471574082 |
| 082 00 - DEWEY DECIMAL CLASSIFICATION NUMBER | |
| Classification number | 657.320285 |
| Item number | JAR |
| 090 ## - LOCALLY ASSIGNED LC-TYPE CALL NUMBER (OCLC); LOCAL CALL NUMBER (OCLC) | |
| -- | 9522 |
| -- | 9522 |
| 100 ## - MAIN ENTRY--PERSONAL NAME | |
| Personal name | Jarett, Irwin M. |
| 245 10 - TITLE STATEMENT | |
| Title | Financial reporting using computer graphics / |
| Statement of responsibility, etc | Irwin M. Jarett. |
| 260 ## - PUBLICATION, DISTRIBUTION, ETC. (IMPRINT) | |
| Place of publication, distribution, etc | New York : |
| Name of publisher, distributor, etc | Wiley,c1993. |
| Date of publication, distribution, etc | c1993. |
| 300 ## - PHYSICAL DESCRIPTION | |
| Extent | xxiv, 447 p. : |
| Other physical details | ill. ; |
| Dimensions | 29 cm + |
| Accompanying material | 2 computer disks (3 1/2 in.) |
| 500 ## - GENERAL NOTE | |
| General note | Keep up to date with cumulative supplements: 1995. |
| 500 ## - GENERAL NOTE | |
| General note | System requirements for computer disks: IBM PC AT or PS/2 or compatible; PC-DOS 3.3 or higher; hard disk with 1MB free space; color EGA or VGA monitor; high-density 3.5 in. floppy disk drive; laser (recommended) or deskjet printer. |
| 500 ## - GENERAL NOTE | |
| General note | Distributer : Al-Ahram. |
| 504 ## - BIBLIOGRAPHY, ETC. NOTE | |
| Bibliography, etc | Includes bibliographical references (p. 435-438) and index. |
| 511 ## - PARTICIPANT OR PERFORMER NOTE | |
| Participant or performer note | Catalogued By: Mahitab. |
| 650 #0 - SUBJECT ADDED ENTRY--TOPICAL TERM | |
| Topical term or geographic name as entry element | Financial statements |
| General subdivision | Graphic methods |
| -- | Data processing. |
| 650 #0 - SUBJECT ADDED ENTRY--TOPICAL TERM | |
| Topical term or geographic name as entry element | Corporate reports |
| General subdivision | Graphic methods |
| -- | Data processing. |
| 650 #0 - SUBJECT ADDED ENTRY--TOPICAL TERM | |
| Topical term or geographic name as entry element | Computer graphics. |
| 650 #0 - SUBJECT ADDED ENTRY--TOPICAL TERM | |
| Topical term or geographic name as entry element | Management information systems. |
| 942 ## - ADDED ENTRY ELEMENTS (KOHA) | |
| Item type | Book - Borrowing |
| Call number prefix | 657.320285JAR |
| Withdrawn status | Item status | Damaged status | Not for loan | Home library | Current library | Shelving location | Date acquired | Source of acquisition | Total Checkouts | Full call number | Barcode | Date last seen | Cost, replacement price | Koha item type |
|---|---|---|---|---|---|---|---|---|---|---|---|---|---|---|
| Central Library | Central Library | First floor | 18/05/2008 | Purchase | 657.320285JAR | 000011409 | 15/07/2025 | 585.50 | Book - Borrowing |